Online katalóg knižníc regiónu Turca

Protiúder ; Východisko (Record no. 22755)

MARC details
000 -LEADER
fixed length control field 00650nam a2200241 a 4500
001 - CONTROL NUMBER
control field 22755
003 - CONTROL NUMBER IDENTIFIER
control field SK-KTurca
005 - DATE AND TIME OF LATEST TRANSACTION
control field 20260422164725.0
008 - FIXED-LENGTH DATA ELEMENTS--GENERAL INFORMATION
fixed length control field 190306s1988 xo 000 0 slo
035 ## - SYSTEM CONTROL NUMBER
System control number SVKPOKN048755
040 ## - CATALOGING SOURCE
Original cataloging agency SVKPOKN
Language of cataloging slo
Transcribing agency SVKPOKN
Modifying agency SVKPO
Description conventions AACR2
041 0# - LANGUAGE CODE
Language code of text/sound track or separate title slo
044 ## - COUNTRY OF PUBLISHING/PRODUCING ENTITY CODE
MARC country code xo
ISO country code SK
080 ## - UNIVERSAL DECIMAL CLASSIFICATION NUMBER
Universal Decimal Classification number 838.7-3=854
100 1# - MAIN ENTRY--PERSONAL NAME
Personal name Blom, K. Arne,
Dates associated with a name 1946-2021
245 10 - TITLE STATEMENT
Title Protiúder ; Východisko
Statement of responsibility, etc. K. Arne Blom
250 ## - EDITION STATEMENT
Edition statement 1. vyd.
260 ## - PUBLICATION, DISTRIBUTION, ETC.
Place of publication, distribution, etc. Bratislava
Name of publisher, distributor, etc. Tatran
Date of publication, distribution, etc. 1988
300 ## - PHYSICAL DESCRIPTION
Extent 361 s.
655 #7 - INDEX TERM--GENRE/FORM
Genre/form data or focus term umelecká literatúra
Source of term svkpo
942 ## - ADDED ENTRY ELEMENTS (KOHA)
Source of classification or shelving scheme Dewey Decimal Classification
Koha item type Krásna literatúra pre dospelých
Suppress in OPAC No
Holdings
Stav vyradenia Strata Poškodenie Spôsob nadobudnutia Domovská knižnica Aktuálna knižnica Dátum nadobudnutia Total checkouts Čiarový kód exemplára Date last seen Typ exemplára
      Dar Obecná knižnica Folkušová Obecná knižnica Folkušová 22.04.2026   4734401084 22.04.2026 Krásna literatúra pre dospelých
Projekt je podporený Slovenskou asociáciou knižníc
Prevádzkuje Turčianska knižnica Martin 2026